| 000 | 00416nam a2200157Ia 4500 | ||
|---|---|---|---|
| 003 | GCL | ||
| 008 | 140319s9999 xx 000 0 eng d | ||
| 040 |
_aGCL / _cGCL |
||
| 082 | 0 | 4 |
_a841 _bB P |
| 100 | 1 | _aBERRANGERM MARIEPOULE | |
| 245 | 1 | 0 |
_a12 POEMES DE RIMBAUD : ANALYSES ET COMMENTAISES / _cBERRANGERM MARIEPOULE |
| 260 |
_a[S.N] : _bMORABOUT ، _c1993 |
||
| 300 | _a346 | ||
| 650 | 0 | 4 | _aPOEMS |
| 942 |
_2ddc _cBK |
||
| 999 |
_c10936 _d10936 |
||